000 01409cam a2200241 4500
001 ABS66780
008 030704n2003 000 0 eng u
035 _a(Sirsi) u122930
100 _aBaker, C.
245 _aCrossing the divide
260 _c2003
490 _aLaw Society's Gazette
_v(100) 22 May 2003, 20-21(2)
520 _aExamines the issue of corporate social responsibility. Suggests that for many people and organisations the term has different meanings. Across Europe there is the emerging concept of the social audit where an organisations ethical activities are open to public scrutiny. Companies going into new areas of activity such as the markets of Eastern Europe would be advised to be aware of such practices. However difficulties can arise when importing skills to a local population as it could be interpreted as a form of imperialism. Argues that this is not really true as new skills can be hugely beneficial to the local economy. An example of this is in the oil boom in northern England in the late 1970s and early 1980s where knowledge imported from the United States greatly increased local knowledge.
590 _aABS
650 _aSOCIAL RESPONSIBILITY
650 _aCORPORATE SOCIAL RESPONSIBILITY
650 _aSOCIAL AUDITS
650 _aLOCAL ECONOMY
650 _aEUROPE
650 _aLAW SOCIETY
690 _aMANAGEMENT-BUSINESS MANAGEMENT
942 _n0
999 _c73000
_d73000